Statistiques concernant Culture Générale - Série 415

Cliquez ici pour prendre le quiz!

Statistiques générales

  • Ce quiz a été pris 473 fois
  • Le résultat moyen est 8 sur 10

Statistiques - réponses

QuestionRéponse% Correct
Quel pays est principalement formé par Kyushu, Shikoku, Honshu et Hokkaido ?Le Japon
97%
Quel mot désigne à la fois un porcelet et une petite boule servant de but à la pétanque ?Le Cochonnet
94%
Quel mot anglais désigne l'avertisseur sonore que l'on trouve dans une voiture ?Le klaxon
91%
Complétez le titre de ce roman de l'Américain Francis Scott Fitzgerald : "Gatsby...Le Magnifique
88%
A quelle "lady" de la dance doit-on le tube "Poker Face" ?Lady Gaga
87%
Quel "maître du suspense" a réalisé le film "Psychose" en 1960 ?Alfred Hitchcock
78%
Quel comédien accompagne Michèle Laroque sur scène dans les pièces : "Ils s'aiment" et "Ils se sont aimés" ?Pierre Palmade
77%
Quel mammifère a donné son nom à la brosse qui sert à savonner la barbe avant de se raser ?Le blaireau
74%
De quelle artiste Bernard-Henri Levy est-il le mari ?Arielle Dombasle
62%
En 2008, dans le film "Astérix aux jeux Olympiques", quel acteur interprète César ?Alain Delon
59%

Distribution des résultats

Percentile par nombre de réponses

% des personnes avec chaque résultat

Votre développement - résultats

Vous n’avez pas pris ce quiz